Lý thuyết truyền tin /

Tallennettuna:
Bibliografiset tiedot
Päätekijä: Trần Trung Dũng
Aineistotyyppi: Kirja
Kieli:Vietnamese
Julkaistu: Bưu điện 2007
Tagit: Lisää tagi
Ei tageja, Lisää ensimmäinen tagi!
Thư viện lưu trữ: Mạng thư viện Đại học Đà Nẵng
LEADER 00636nam a2200265 4500
001 000028342
003 TR-DA
005 20150403120000.0
008 150403s vm 000 vie
020 |c 0,0000 
040 |a notts 
100 |a Trần Trung Dũng 
245 |a Lý thuyết truyền tin /  |c Trần Trung Dũng,Nguyễn Thúy Anh. 
260 |b Bưu điện  |c 2007 
OWN |a LTT 
999 |a From the UDN01 
TYP |a Monograph 
TYP |a Printed language 
980 |a Mạng thư viện Đại học Đà Nẵng